River basin modelling for flood risk mitigation / (Record no. 59009)
[ view plain ]
| 000 -LEADER | |
|---|---|
| fixed length control field | 01030nam a2200289 a 4500 |
| 001 - CONTROL NUMBER | |
| control field | 59009 |
| 003 - CONTROL NUMBER IDENTIFIER | |
| rucl marc code | BD-RjUL |
| 005 - DATE AND TIME OF LATEST TRANSACTION | |
| control field | 20211209080702.0 |
| 008 - FIXED-LENGTH DATA ELEMENTS--GENERAL INFORMATION | |
| fixed length control field | 161220s2006 ne a 101 0 eng d |
| 020 ## - INTERNATIONAL STANDARD BOOK NUMBER | |
| International Standard Book Number | 0415383447 |
| 035 ## - SYSTEM CONTROL NUMBER | |
| System control number | (BD-RjUL)59133 |
| System control number | (NNC)5556247 |
| 040 ## - CATALOGING SOURCE | |
| Original cataloging agency | HKP |
| Transcribing agency | HKP |
| Modifying agency | BAKER |
| Language of cataloging | eng |
| 041 ## - LANGUAGE CODE | |
| Language code of text/sound track or separate title | eng |
| 082 ## - DEWEY DECIMAL CLASSIFICATION NUMBER | |
| Edition number | 23 |
| Classification number | 627.4 |
| Author mark and year | KNR 2006 |
| 100 ## - MAIN ENTRY--PERSONAL NAME | |
| Personal name | Knight, Donald W. |
| 9 (RLIN) | 175494 |
| 245 10 - TITLE STATEMENT | |
| Title | River basin modelling for flood risk mitigation / |
| Statement of responsibility, etc. | Donald W. Knight, Asaad Y. Shamseldin. |
| 260 ## - PUBLICATION, DISTRIBUTION, ETC. (IMPRINT) | |
| Place of publication, distribution, etc. | Leiden, The Netherlands : |
| Name of publisher, distributor, etc. | Taylor & Francis, |
| Date of publication, distribution, etc. | c2006. |
| 300 ## - PHYSICAL DESCRIPTION | |
| Pagination | vi, 607 p. : |
| Illustrations | ill. ; |
| Size | 26 cm. |
| 500 ## - GENERAL NOTE | |
| General note | "... contains edited lectures given by 16 leading European experts at an EU sponsored Advanced Study Course, held at the University of Birmingham, UK"--Pref. |
| 504 ## - BIBLIOGRAPHY, ETC. NOTE | |
| Bibliography, etc | Includes bibliographical references and indexes. |
| 650 #0 - SUBJECT ADDED ENTRY--TOPICAL TERM | |
| Topical term or geographic name as entry element | Watershed management. |
| 9 (RLIN) | 175495 |
| Topical term or geographic name as entry element | Flood control. |
| 9 (RLIN) | 175496 |
| 700 1# - ADDED ENTRY--PERSONAL NAME | |
| Personal name | Shamseldin, Asaad Y. |
| 942 ## - ADDED ENTRY ELEMENTS (KOHA) | |
| Source of classification or shelving scheme | Dewey Decimal Classification |
| Koha item type | Books |
| Lost status | Source of classification or shelving scheme | Damaged status | Not for loan | Collection code | Permanent Location | Current Location | Shelving location | Date acquired | Source of acquisition | Cost, normal purchase price | Total Checkouts | Full call number | Date last seen | Copy number | Koha item type |
|---|---|---|---|---|---|---|---|---|---|---|---|---|---|---|---|
| Dewey Decimal Classification | Not For Loan | Non-fiction | Central Library, University of Rajshahi | Central Library, University of Rajshahi | Reading Room | 29/08/2009 | Dhaka, Ahsania mission book dis. home. | 11059.50 | 627.4 KNR 2006 | 20/12/2016 | C-1 | Books |